[Event "Rilton Cup 28th"]
[Site "Stockholm SWE"]
[Date "1998.12.30"]
[Round "3"]
[White "Yakovich, Yuri"]
[Black "McShane, Luke J"]
[Result "1-0"]
[WhiteElo "2560"]
[BlackElo "2470"]
[EventDate "1998.12.28"]
[Annotator "Yakovich"]
[EventType "swiss"]
[EventRounds "9"]
[EventCountry "SWE"]
[Source "ChessBase"]
[SourceDate "1999.03.01"]

{Priorities

All players set priorities. You do it in some positions, such as when you
choose between a two-move win of a pawn or a three-move sequence that 
forces
checkmate. Yes, the two-mover is shorter. It's easier to calculate. 
There's less
chance of an oversight.


But it's obvious to you that the three-mover is more desirable. Mate 
counts
more.


As you face stronger opponents on your road to masterhood, you don't get
such easy choices. To break 2200, you need a more refined sense of 
priorities.
You need to appreciate how, for example, a single misplaced piece may be
decisive.} 
1. d4 d5 2. c4 c6 3. Nf3 Nf6 4. Qc2 g6 5. Bf4 Bg7 6. e3 O-O 7. Nc3 Be6 8. 
Qb3 dxc4!? N ( 8. ... Qb6! 9. c5 Qxb3 10. axb3 Nbd7 ) 9. Bxc4 ( 9. Qxb7? 
Qb6 10. Qxb6 ( 10. Qxa8? Qxb2 -+ ) 10. ... axb6 11. Ng5 b5! 12. Nxe6 fxe6 
= 13. a4 Nbd7 14. g3 Ra5 15. h4 = ) 9. ... Bxc4 10. Qxc4 Nd5 ( 10. ... 
Nbd7?! 11. e4 ) 11. Be5 Na6?! {This is not the best square for knight.} ( 
11. ... Bxe5! 12. Nxe5 Nd7 13. Nd3 Qa5 ) 12. O-O Nb6 13. Qb3 c5 14. Bxg7 
Kxg7 15. Rfd1! ( 15. d5 c4 ) 15. ... cxd4 ( 15. ... c4 16. Qb5! Nc7 17. 
Qe5+ Kg8 18. e4 +/- ) 16. Nxd4 Qc7 ( 16. ... Qb8 17. Rac1 Rc8 18. Nd5 Nc5
?! 19. Nxb6! ( 19. Qc3?! e5 ) 19. ... Nxb3 20. Rxc8 Qxc8 21. Nxc8 Nxd4 22.
 Nxe7 +- ) 17. Ncb5 ( 17. Rac1 ) 17. ... Qc4 18. Qxc4 Nxc4 19. b3 Nb6 {Now
the pair of white knights is much stronger than their opponents.} ( 
19. ... Ne5 20. Rac1 Nb4 21. Rc7! ( 21. a3?! Nbc6 ) 21. ... a6 â–¡ 22. Nc3
Rfc8 23. Rxb7 Rxc3 24. Rxb4 Nd3 25. Rb7 e5 26. Nf3!? ( 26. Ne2 Rc2 27. Ng3
Rd8 ) ( 26. Ne6+ Kf6 27. Nc7 Rd8 28. Nxa6 Nb4! ) 26. ... Rc2 27. h3 +- ) 
20. Rac1 Kf6?! D {White's pieces are better placed. But that can be 
temporary. In light of the
symmetrical nature of the position, a draw is likely if Black can trade a 
pair, or
all, of the rooks.


However, Black is not ready for . . .Rac8 or . . . Rad8 because either 
move
would hang the a7-pawn. This tells us Black has to move his knight so he 
can
play . . . a6.
White appreciated how much that knight mattered. It's actually the most
important feature of the position. Once you understand that, it's easier 
to realize
how good 1 a3 ! and 2 b4 ! are.


Then the knight can't move ( l . . .Nb8 2 Nc7). That means the a-pawn 
can't
move. And that means the QR can't move.} ( 20. ... Rfc8 21. Rxc8 Nxc8 ) 
21. a3! {(><Na6)} 21. ... Rfd8 22. b4 e5 23. Nb3 Nc4!? 24. Kf1! Rxd1+ 25. 
Rxd1 Ke7 ( 25. ... Ke6? 26. Nc5+ Nxc5 27. Nc7+ +- ) 26. Ke2! +- {(.) Black
doesn't have useful moves.} 26. ... f6 ( 26. ... Ke6 27. Nc5+ ) ( 26. ... 
Nb6 27. Na5 ) ( 26. ... Nb8 27. Nc7 ) ( 26. ... Rd8 27. Rxd8 Kxd8 28. Kd3 
Nb2+ 29. Kc2 Nc4 30. Kc3 Nb6 31. Nxa7 +- ) 27. g4! h6 28. h4 {Black lost 
his patience and the game as well after} 28. ... Ke6?! 29. Nc5+ Nxc5 30. 
Nc7+ {Siegbert Tarrasch would have been pleased by that game. It validates
his
own views about what matters most. To Tarrasch, chess was all about piece
mobility. If one piece stands badly, like Black's knight at a6, his whole 
game
stands badly, he wrote.
But in middlegames there are lots of pieces, and this increases the 
likelihood
that you can afford to make one bad. The sum of all the other pieces and 
pawns
matters more.} 30. ... Ke7 31. Nxa8 Ne6 32. a4 Nd6 33. b5 b6 34. a5 bxa5 
35. b6 axb6 36. Nxb6 f5 37. gxf5 Nxf5 38. Rd5 Nfd4+ âŠ•âŠ• 39. Kf1 âŠ•âŠ• 
( 39. exd4 Nf4+ 40. Ke3 Nxd5+ 41. Nxd5+ Kd6 42. Nb6 exd4+ 43. Kxd4 Ke6 44.
 Ke4 Kf6 45. Na4 Ke6 46. Nc5+ Kd6 47. Kd4 +- ) 39. ... Nf3 40. Rxa5 âŠ•âŠ•
1-0

[Event "EU Team Ch (Men)"]
[Site "Batumi GEO"]
[Date "1999.12.02"]
[Round "4.1"]
[White "Lanka, Zigurds"]
[Black "Sokolov, Ivan"]
[Result "0-1"]
[WhiteElo "2504"]
[BlackElo "2656"]
[EventDate "1999.11.06"]
[Annotator "Wedberg"]
[EventType "team"]
[EventRounds "9"]
[EventCountry "GEO"]
[Source "ChessBase"]
[SourceDate "2000.02.01"]
[WhiteTeam "Latvia"]
[BlackTeam "Bosna&Herzegovina"]
[WhiteTeamCountry "LAT"]
[BlackTeamCountry "BIH"]

1. e4 e5 2. Nf3 Nc6 3. Bb5 Nf6 4. O-O Bc5 5. c3 O-O 6. d4 Bb6 7. Bg5 d6 8.
 a4 a5 9. Re1 h6 10. Bh4 exd4 11. Bxc6 bxc6 12. Nxd4 Re8 13. Nd2 c5 ( 
13. ... g5 {This moveorder allows White to put the N on the active square 
b5. On the other hand is Nf5 prevented.} 14. Bg3 c5 15. Nb5 ( 15. Nf5?! 
Bxf5 16. exf5 Rxe1+ 17. Qxe1 Qd7 =+ ) 15. ... Bb7 ( 15. ... c6? 16. Nxd6 
+- ) 16. Qc2 ( 16. e5 dxe5 17. Nc4 Qd5 18. Qxd5 Nxd5 = {1/2-1/2 
Polgar,J-Spassky,B/Prague 1995/CBM 48/[Wedberg] (26)} ) 16. ... d5 17. e5 
Nh5 18. e6 ~ {1/2-1/2 Shirov,A-Leko,P/Bordeaux 1999/ CBM 70 ext (25)} ( 
18. c4 += ) ) ( 13. ... Bd7?! 14. f4! +/- ) 14. Nc2 ( 14. Nf5 Bxf5 15. 
exf5 Rxe1+! ( 15. ... d5?! 16. Rxe8+ Qxe8 17. Bxf6 gxf6 18. c4 +/- {1-0 
Held,P-Lang,T/Germany 1990/ GER (40)} ) 16. Qxe1 d5 17. Qe5 Ng4 18. Qg3 
Nf6 19. Qe5 Ng4 =, quiet ) ( 14. N4f3 Bb7 15. Qc2 Re6 16. Re3 Qe8! 
=, quiet {1/2-1/2 Thorsteins, K-Spassky,B/Reykjavik 1985/MCD (28)} ) 
14. ... g5 ( 14. ... Bb7 15. f3 c4+ 16. Nd4 g5 17. Bf2 d5 18. exd5 Qxd5 
19. Rxe8+ Rxe8 20. Qf1 g4 21. Nxc4 gxf3 22. Nxb6 fxg2 23. Nxd5 {1/2-1/2 
Ree,H-Knezevic,M/Kiev 1978/EXT 2000 (23)} ) 15. Bg3 Bb7 16. f3?! ( 16. e5!
dxe5 17. Rxe5 Rxe5 18. Bxe5 Qd5 19. Qf3 =, quiet ) 16. ... d5! 17. e5?! {
Giving Black a strong centre. This is especially troublesome since the 
white N: s need some secure squares to work from.} ( {but} 17. exd5 Qxd5!?
( 17. ... c4+! 18. Kh1 ( 18. Bf2 Bxf2+ 19. Kxf2 Qxd5 20. Ne3 Qc5 21. Qe2 
Rad8 22. Rad1 Ba6 23. Nf1 Rd3 -/+ ) ( 18. Nd4 Qxd5 19. Bf2 c5 20. Nb5 
Rxe1+ 21. Bxe1 Qd3 22. Na3 Bd5 -/+ ) 18. ... Qxd5 19. Na3 Rxe1+ 20. Qxe1 
Re8 21. Qd1 Ba6 {still looks better for Black.} ) 18. c4 {Is in Whites 
taste. The black B:s lose their punch.} ) 17. ... Nh5 18. Nf1 D {The 
position is riddled with positional plusses and minuses: Good and bad
pieces, holes and outposts, doubled pawns, pawn islands, and so on.
Black might be tempted to play l . .. c4+, to liberate the b6-bishop, his 
worst
piece. But he chose} 18. ... d4! -/+ {making it much worse.
One reason he did so was to open the diagonal of the other bishop. The one
at b7 has a brighter future than its brother because it has targets to 
hit, at f3 and
(after . . . g4) at g2.
Another point in favor of 1 . . . d4 ! is that White wanted to bring his 
knights
into play, via e3 . After l .. . c4+ a White knight might also be able to 
occupy d4,
either immediately or later.} 19. Na3 ( 19. c4 d3 20. Nce3 Qd4 -/+ ) 
19. ... Qd5 20. c4 Qc6 21. h3 Qg6 22. Nb5? ( 22. Bh2 Nf4 23. Qd2 -/+ ) 
22. ... Re6 23. Bh2 Nf4 -+ 24. Bxf4 gxf4 25. Nh2 h5 26. Qd2 Qf5 {Black is 
already winning. The N:s are out of play for the rest of the game.} 27. 
Re2 Rae8 28. Rae1 Rxe5 29. Rxe5 Rxe5 30. Rxe5 Qxe5 31. Nf1 Bc8 32. Kf2? ( 
32. Na3 Kh7 33. Qd1 ) 32. ... c6! 33. Na3 Bd8 34. Kg1 Bf5 35. b3 Bh4 36. 
Qd1 Qe1 37. Qd2 Bg3 âŠ™ {White must exchange Q:s but then Bxe1-b4 picks up
Na3.} 0-1

[Event "Georgian Championship"]
[Site "?"]
[Date "2004.??.??"]
[Round "?"]
[White "Sanikidze"]
[Black "Kacheishvili"]
[Result "0-1"]
[WhiteElo "2370"]
[BlackElo "2599"]

{Prioritizing Practice

A good way to develop and refine your sense of what matters most is to
examine early middlegame positions from master games. Your aim is to 
figure
out what are White's priorities, what are Black's and why some changes in 
the
position will favor one side significantly. If a position in an annotated 
game
changes from unclear or even at move 1 5 to a plus-over-equals at move 20 
or
25, try to figure out what changed. That will likely tell you what 
mattered most.


One approach is to focus on middlegames that arise from opening variations
that are new to you, ones you've never played or studied before. A Catalan
Gambit or one of the sacrificial lines of the Queen's Indian Defense may 
be
useful for a I e4 player, for example.

For the sake of introduction, let's consider some Sicilian Defense 
middlegames,
beginning with one from the game Sanikidze - Kacheishvilli, Georgian
Championship 2004} 
1. e4 c5 2. Nf3 d6 3. d4 cxd4 4. Nxd4 Nf6 5. Nc3 Nc6 6. f3 e5 7. Nb3 Be7 
8. Be3 O-O 9. Qd2 a5 10. Bb5 Be6 11. O-O-O Ne8 12. g4 Nc7 13. Kb1 Qb8 14. 
Bb6 Rc8 15. Ba4 {Black carried out an unusual maneuver of his knight to c7
and put his queen
on the unlikely square of b8. Meanwhile, instead of attacking the king, 
White piled
up his pieces on the queenside and made the rare move Bb6. What's going 
on?
If you consider this for a while you may be able to see that there's a 
below the radar battle. Black is trying hard to play a move and White 
seems almost desperate to stop that move from happening.
Which move could be that important? It shouldn't be difficult to figure it
out.
It's . . . b5.
If Black cannot push his b-pawn, his queenside attack is halted. White 
would
have a free hand to advance his pawns to g5 and h5 and break open Black's 
king
position. This is why spending time on prophylactic moves can win time for
you
later, as we'll see in Chapter Five. Here White would get an edge after
15 . . Nb4 16 h4 N7a6 17 a3 Nc6 18 Nd5 ! for example.
Once you appreciate how much . . . b5 matters, the next few moves of the
game begin to make sense: 1} 15. ... Ra6! ( 15. ... Nb4 16. h4 Ra6 ( 
16. ... Nca6? 17. a3 Nc6 ) 17. Bxc7 Rxc7 18. Bb5 Ra7 ) 16. Qf2 Na8! 17. 
Be3 Nc7 18. Bb6! Na7! 19. Nc1 Na8! 20. Be3 b5! {White's blockade on b6 is 
broken. His kingside attack never got past g2-g4.
Both of these factors freed Black to take charge after} 21. Bb3 a4 22. 
Bxe6 fxe6 23. N3e2 b4 24. f4 Nb5 {There are a lot of clever tactical 
points from here on. But what you should
appreciate is that the game became one-sided once White lost the battle 
over ... b5.
There followed} 25. fxe5 Nc3+! 26. Nxc3 bxc3 27. b3?? ( 27. Nd3 Nb6 28. 
exd6 Bxd6 29. e5 Be7 30. Bd4 -/+ cxb2 31. Rhf1 ) 27. ... axb3 -+ 28. Nxb3 
Qb4! -+ {White can't stop the queen from reaching a4 or a3 , and the game 
ended with} 29. Bc1 Qa4 30. a3 dxe5 31. Rhf1 Bxa3 32. Bh6!? Ra7! 33. Be3 
Bc5! 34. Rd3 Qa2+ 35. Kc1 Qa1+ 0-1

[Event "Linares"]
[Site "22"]
[Date "2005.03.06"]
[Round "11"]
[White "Kasimdzhanov, Rustam"]
[Black "Anand, Viswanathan"]
[Result "0-1"]
[WhiteElo "2678"]
[BlackElo "2786"]
[EventDate "2005.??.??"]
[Annotator "JvR"]
[PlyCount "76"]

1. e4 c5 2. Nf3 d6 3. c3 Nf6 4. Be2 Bg4 5. d3 e6 6. Nbd2 Nc6 7. Nf1 d5 8. 
exd5 Nxd5! 9. Qa4 Bh5 10. Ng3 Nb6!? 11. Qd1 Bg6 12. O-O Be7 13. a4!? O-O 
14. a5 Nd5 15. Qa4 Qc7 16. d4?! ( 16. Bd2! Rfd8 17. Rfe1 {continues the 
development of pieces.} ) 16. ... cxd4 17. Nxd4 Nxd4 18. Qxd4 {It's a 
Sicilian position that may be quite unfamiliar to a devoted Dragon or
Najdorf Variation player. Once again your task is to figure out what 
matters
most. Before reading on, take several minutes to consider what should be
important to each player and which factors take precedence.

Done that? Then let's consider the plusses for White. He has a queenside
majority of pawns. We can also see he has a nicely centralized queen.
But the queen can be driven away by ... .Bf6 or ...Bc5 . Or by putting a 
Black
rook on d8 and discovering an attack along the d-file, such as . . . Nb4. 
And as
for the queenside majority, well that might be a factor in an endgame. But
as for
now ...
Black appreciated that what matters most is the kingside majority because 
it
is immediately useful. He played} 18. ... f5!? {which prepares . . . e5 
with a
commanding center.
This makes his bishop at g6 bad. But taking e4 away from White's g3-knight
matters more. This becomes clearer after} ( 18. ... Bc5 19. Qg4 Rad8 20. 
Qc4 Rc8 21. Qb3 Rcd8 22. Ra4 Rd7 ) 19. Qa4 {White chose the superior} ( 
19. Bf3 Rad8 20. Qa4 e5! ) 19. ... Rad8 20. Rd1?! {so that he could meet
20 ... e5 with 21 Bc4 ! , gaining counterplay on the c4-g8 diagonal.

Black can advance his f-pawn again but that gives up control of the
e4-square that he just seized. So take a few minutes before you read on 
and see
if you can figure out what matters most.
Time's up. What matters most is White's constricted position. The way to
emphasize that is} ( {Correct is} 20. Re1! e5 21. Bc4 {(Anand).} ( 21. Qc4
Qd6 22. Bd2 ) ) 20. ... f4! {It severely limits White's bishop at c1 and 
thereby
keeps the rook at a1 in limbo.
If White had retreated 21 Nf1 - or even 21 Nh1 - the overwhelming benefits
of 20 . . . f4! would have been obvious. White played} 21. Ne4 Qe5! 22. 
Bf3?! {There are several appealing responses but the
best was} ( 22. f3 Bc5+ ( 22. ... Nc7 23. Bd2 a6 24. Be1 Nd5 25. Bf2 ) ) 
22. ... b5! 23. Qc2 {and Black forced a favorable position with} ( 23. 
axb6? Nxb6 {shows the pointe.} 24. Qc2 Bxe4 25. Bxe4 Qxe4! --+ ) ( 23. 
Qxb5? Bxe4 24. Re1 ( 24. Bxe4?? Nxc3 25. Rxd8 Nxb5 26. Rxf8+ Bxf8 27. Ra4 
Nd4 --+ ) ) 23. ... Nf6! 24. Nxf6+ Qxf6 25. Qb3 Rxd1+ 26. Qxd1 Rd8 27. Qe2
Bd3 28. Qe1 e5! D {White can do very little. His queenside is 
underdeveloped.

This culminates the strategy begun by 18 . . . f5 ! . The Black center 
pawns are
choking White. He still can't activate his queenside} 29. Be2 ( 29. Bd2 e4
30. Bxe4? Bxe4 31. Qxe4 Rxd2 ) 29. ... Bxe2 30. Qxe2 e4! {The Black center
pawns performed one final service, creating a mating attack that ended the
game soon after} 31. g3! ( 31. Qxe4?? Rd1+ ) 31. ... e3! 32. fxe3 f3! 33. 
Qxb5?! ( {More resistance is offered by} 33. Qc2! Qe6 34. b4! {(controls 
c5), but} 34. ... Qc4 {(threatens .. f2+)} 35. Kf2 Qg4 {continues the 
restraint and endangers the white king.} ) 33. ... f2+ 34. Kg2 Rf8 {The 
reason that examining games like these is valuable is that it increases
your knowledge of different kinds of positions. The main reason that a 
modern
player would be superior to, say, Rudolf Spielmann or Richard Reti, or any
of
the great players of the early 20th century, is that today we know many, 
many
more positions than a Spielmann or a Reti. We know what counts most in 
those
positions.
This also provides one reason - there are others - for why today's masters
are superior to today's amateurs. The masters know and understand more
positions. Occasionally an amateur will do well against a master because 
he gets
into one of the positions he understands well. But the master will win the
majority of games from him because he'll be able to reach middlegames that
the
amateur doesn't know} 35. Qd5+ Kh8 36. Kf1 Qh6 37. Bd2 Qh3+ 38. Qg2 Qf5 
0-1